000
00300nam a22001097a 4500
082
_a
808 FIE'H
100
_a
FIELDING, HENRY
_9
57809
245
_a
THE HISTORY OF THE ADVENTURES OF JOSEPH ANDREWS AND OF HIS FRIEND MR. ABRAHAM ADAMS
260
_a
NEWYORK
_b
MODERN
_c
1950
300
_a
422P
942
_c
BK
999
_c
568061
_d
568061